00427cam a2200145ua 45000010005000000080039000050400009000440820010000531000029000632450070000922600046001623000010002086530012002186530051002305992131030n ii |||frmmmmZ001|0|eng cMAIN a973.31 aBailyn,Bernard,eAuthor.11aIdeological Origins of the American Revolutioncby Bernard Bailyn aCalcutta:bScientific Book Agency,c1969. a321p. aHistory aIdeological Origins of the American Revolution